006280000a22001690004500001001000000003001000010005001700020008004100037022001400078040004100092041000800133100003600141245010000177300005900277546002200336773010000358768714001CO-MdFUSB20170811111614.0170811s2000 xxu||||| |||| 00| 0 eng d a0098-9444 aCO-MdFUSBbspacCO-MdFUSBdCO-MdFUSB aeng1 aDavies, Philip (1948- )eautor 10aThe search for history in the Bible :b what separates a minimalist from a maximalist? Not much aVolumen 26. Número 2 (2000), Páginas 22-27c28 cm. aTexto en inglés0 tBiblical Archaeology Review049395gVolumen 26. Número 2 (2000), Páginas 22-27qPágina 22